| 000 | 00617nam a22001817a 4500 | ||
|---|---|---|---|
| 003 | OSt | ||
| 005 | 20260311142738.0 | ||
| 082 |
_a631.3 _bKAV/DE |
||
| 088 | _aP 661 | ||
| 100 |
_aKAVYA ANIL _97942 |
||
| 100 |
_aSHIFNA SHERIN CT _97943 |
||
| 100 |
_aABHIRAMI KRISHNA _97944 |
||
| 245 | _aDEVELOPMENT OF CASHEW FRUIT COLLECTOR AND CASHEW APPLE AND NUT SEPARATOR | ||
| 260 |
_aTavanur _bDEPARTMENT OF FARM MACHINERY AND POWER ENGINEERING, KELAPPAJI COLLEGE OF AGRICULTURAL ENGINEERING AND FOOD TECHNOLOGY _c2025 |
||
| 700 | _aDHALIN D | ||
| 856 | _uhttp://14.139.181.140:8080/jspui/handle/123456789/2132 | ||
| 942 | _cPR | ||
| 999 |
_c19636 _d19636 |
||